Ercilla, Álvar Núñez, Irala / (Record no. 37502)

MARC details
000 -LEADER
campo de control de longitud fija 00962nam a2200277 i 4500
001 - NÚMERO DE CONTROL
campo de control 37502
003 - IDENTIFICADOR DE NÚMERO DE CONTROL
campo de control ES-MaACL
005 - FECHA Y HORA DE LA ÚLTIMA TRANSACCIÓN
campo de control 20231106213238.0
007 - CAMPO FIJO DE DESCRIPCIÓN FÍSICA--INFORMACIÓN GENERAL
campo de control de longitud fija t|
008 - DATOS DE LONGITUD FIJA--INFORMACIÓN GENERAL
campo de control de longitud fija 030311q1921 sp ||||1| spa d
080 ## - NÚMERO DE LA CLASIFICACIÓN DECIMAL UNIVERSAL
Número de la Clasificación Decimal Universal 929 Ercilla y Zúñida, Alonso de
080 ## - NÚMERO DE LA CLASIFICACIÓN DECIMAL UNIVERSAL
Número de la Clasificación Decimal Universal 929 Núñez Cabeza de Vaca, Álvar
080 ## - NÚMERO DE LA CLASIFICACIÓN DECIMAL UNIVERSAL
Número de la Clasificación Decimal Universal 929 Martínez de Irala, Domingo
100 1# - ENTRADA PRINCIPAL--NOMBRE DE PERSONA
Nombre de persona Cola, Julio.
9 (RLIN) 161555
245 10 - MENCIÓN DEL TÍTULO
Título Ercilla, Álvar Núñez, Irala /
Mención de responsabilidad, etc. Julio Cola.
260 ## - PUBLICACIÓN, DISTRIBUCIÓN, ETC.
Lugar de publicación, distribución, etc. Madrid :
Nombre del editor, distribuidor, etc. Ambos Mundos,
Fecha de publicación, distribución, etc. ca. 1921.
300 ## - DESCRIPCIÓN FÍSICA
Extensión 111 p. ;
Dimensiones 17 cm.
490 1# - MENCIÓN DE SERIE
Mención de serie Figuras de la raza
500 ## - NOTA GENERAL
Nota general Tít. tomado de la cubierta.
600 14 - PUNTO DE ACCESO ADICIONAL DE MATERIA--NOMBRE DE PERSONA
Nombre de persona Ercilla y Zúñiga, Alonso de.
9 (RLIN) 47364
600 14 - PUNTO DE ACCESO ADICIONAL DE MATERIA--NOMBRE DE PERSONA
Nombre de persona Núñez Cabeza de Vaca, Álvar,
Fechas asociadas al nombre ca. 1495-ca. 1560
9 (RLIN) 140799
600 14 - PUNTO DE ACCESO ADICIONAL DE MATERIA--NOMBRE DE PERSONA
Nombre de persona Martínez de Irala, Domingo.
9 (RLIN) 161556
830 1# - PUNTO DE ACCESO ADICIONAL DE SERIE-TÍTULO UNIFORME
Título uniforme Figuras de la raza
9 (RLIN) 229646
852 4# - LOCALIZACIÓN
Ubicación ES-MaACL
Número de control de estantería 1650-F-11
Nota libre - Dedicatoria autógrafa del autor, fechada en 1921
Holdings
Estatus retirado Estado de pérdida Fuente del sistema de clasificación o colocación Estado de daño No para préstamo Colección Biblioteca de origen Biblioteca actual Ubicación en estantería Fecha de adquisición Total de préstamos Signatura topográfica completa Código de barras Visto por última vez Precio de reemplazo Tipo de ítem Koha Nota pública
    Clasificación decimal universal     Colección de folletos Biblioteca del Ateneo de Madrid Biblioteca del Ateneo de Madrid Depósito folletos 17/01/2008   1650-F-11 1039469 23/02/2023 23/02/2023 Folleto Dedicatoria autógrafa del autor